| 000 | 00497nam a22001577a 4500 | ||
|---|---|---|---|
| 008 | 230405b |||||||| |||| 00| 0 eng d | ||
| 040 |
_aNational Science Library _cNational Science Library |
||
| 080 |
_a061.1(410):5/6.001.5 _bK2 |
||
| 100 |
_aMelville, Harry _96240 |
||
| 245 | _aDepartment of scientific and industrial research | ||
| 260 |
_aLondon: _bGeorge Allen & Unwin Ltd., _c1962 |
||
| 300 | _a200p. | ||
| 490 |
_aThe new whitehall series _vNo. 9 |
||
| 650 | _aScience | ||
| 942 |
_2udc _cBK |
||
| 999 |
_c18261 _d18261 |
||